| 000 | 00406nam a22001457a 4500 | ||
|---|---|---|---|
| 999 |
_c4454 _d4454 |
||
| 008 | 200804b ||||| |||| 00| 0 eng d | ||
| 082 | 0 | 0 |
_a621.56 _bA5451 |
| 100 |
_93554 _aAnderson, Edwin P. |
||
| 245 | 1 | 0 |
_aAudels Air Conditioning / _cby Edwin P. Anderson |
| 250 | _a1st ed. | ||
| 260 |
_aBombay: _b D.B.Taraporevala sons, _c1990. |
||
| 300 | _a451 p. | ||
| 650 | 0 | _aRefrigeration Engineering | |
| 942 | _cBK | ||